<?xml version="1.0" encoding="UTF-8"?><?xml-stylesheet type="text/xsl" href="static/style.xsl"?><OAI-PMH xmlns="http://www.openarchives.org/OAI/2.0/" xmlns:xsi="http://www.w3.org/2001/XMLSchema-instance" xsi:schemaLocation="http://www.openarchives.org/OAI/2.0/ http://www.openarchives.org/OAI/2.0/OAI-PMH.xsd"><responseDate>2026-04-17T17:17:16Z</responseDate><request verb="GetRecord" identifier="oai:www.recercat.cat:2117/411447" metadataPrefix="marc">https://recercat.cat/oai/request</request><GetRecord><record><header><identifier>oai:recercat.cat:2117/411447</identifier><datestamp>2025-07-23T07:15:04Z</datestamp><setSpec>com_2072_1033</setSpec><setSpec>col_2072_452951</setSpec></header><metadata><record xmlns="http://www.loc.gov/MARC21/slim" xmlns:dcterms="http://purl.org/dc/terms/" xmlns:xsi="http://www.w3.org/2001/XMLSchema-instance" xmlns:doc="http://www.lyncode.com/xoai" xsi:schemaLocation="http://www.loc.gov/MARC21/slim http://www.loc.gov/standards/marcxml/schema/MARC21slim.xsd">
   <leader>00925njm 22002777a 4500</leader>
   <datafield ind2=" " ind1=" " tag="042">
      <subfield code="a">dc</subfield>
   </datafield>
   <datafield ind2=" " ind1=" " tag="720">
      <subfield code="a">Granados Gomes, Yago</subfield>
      <subfield code="e">author</subfield>
   </datafield>
   <datafield ind2=" " ind1=" " tag="260">
      <subfield code="c">2024-06</subfield>
   </datafield>
   <datafield ind2=" " ind1=" " tag="520">
      <subfield code="a">El trabajo consiste en desarrollar un equipo que transmita mensajes en código morse sin formación especializada por parte del usuario. Para ejecutar esta idea implica realizar diferentes tareas individuales que combinándolas conforman el objetivo del proyecto. La primera parte se fundamenta en poner a prueba diferentes circuitos para luego diseñar sus respectivos circuitos impresos. El segundo cometido es la programación de un traductor para transformar cada carácter en el equivalente en código morse. La tercera tarea es el dibujo en tres dimensiones de carcasas que contienen todo el proyecto para mejorar el uso por parte del operario. Por último pero no menos importante radica en armonizar esta obra en un todo y acercarse lo máximo posible a un resultado profesional. por otro lado, otros objetivos son la evaluación cada una de las características de los tres circuitos objeto de estudio. De forma simultánea, comparar las posibilidades de la tecnología de agujeros pasantes y los dispositivos de montaje superficial. Además, estudiar el potencial ofrecido por el microcontrolador arduino uno que utiliza c++ y el microordenador raspberry pi que funciona con python. Para finalizar, comprobar las capacidades que presenta el diseño en tridimensional para adaptarse a las necesidades del dispositivo. en pocas palabras, llevar a cabo esta idea dentro de un plazo tan limitado como su presupuesto es un completo desafío. Asimismo se sienta las bases de próximos proyectos con el objetivo de mejorar y ampliar las funcionalidades.</subfield>
   </datafield>
   <datafield tag="653" ind2=" " ind1=" ">
      <subfield code="a">Àrees temàtiques de la UPC::Enginyeria de la telecomunicació</subfield>
   </datafield>
   <datafield tag="653" ind2=" " ind1=" ">
      <subfield code="a">Morse code</subfield>
   </datafield>
   <datafield tag="653" ind2=" " ind1=" ">
      <subfield code="a">Código morse</subfield>
   </datafield>
   <datafield tag="653" ind2=" " ind1=" ">
      <subfield code="a">Circuito impreso</subfield>
   </datafield>
   <datafield tag="653" ind2=" " ind1=" ">
      <subfield code="a">Tecnología de agujeros pasantes</subfield>
   </datafield>
   <datafield tag="653" ind2=" " ind1=" ">
      <subfield code="a">Dispositivos de montaje superficial</subfield>
   </datafield>
   <datafield tag="653" ind2=" " ind1=" ">
      <subfield code="a">C++</subfield>
   </datafield>
   <datafield tag="653" ind2=" " ind1=" ">
      <subfield code="a">Python y diseño 3d.</subfield>
   </datafield>
   <datafield tag="653" ind2=" " ind1=" ">
      <subfield code="a">Morse (Codi)</subfield>
   </datafield>
   <datafield ind2="0" ind1="0" tag="245">
      <subfield code="a">Diseño, programación y construcción de un aparato para transmitir mensajes en código morse</subfield>
   </datafield>
</record></metadata></record></GetRecord></OAI-PMH>